000 00930nam a2200277 c 4500
003 BLK
005 20180422115607.0
008 180411b bul|||||r ||||||| ||bul||
010 _aKNG00197459000
040 _aBLK
041 _aBUL
_cBUL
080 _aБългарска литература
_b821.163.2
_x-4
_z821.163.2-4
100 1 _aХимирски, Красин В.
_eпърви автор
_9384610
139 _aХимирски, Красин В.
_bХ 50
245 1 0 _aОтворете, сър!
_bОчерци
_cКрасин В. Химирски.
257 _aBGR
260 София
_bОФ
_c1986
_fВ. Търново : Д. Найденов
300 _a199 с.
_c20 см
380 _aX
500 _a10 200 тир.
852 _aЦб 144764
856 4 _qpdf
_u
856 4 _qpdf
_u
942 _cKNG
_n0
944 _aCR
_c06.12.2016
_kСевдалина_Василева
944 _aED
_c06.12.2016
_kСевдалина_Василева
999 _c188441
_d188441